000 01077nam a22003137a 4500
003 CHAP
005 20220329140450.0
008 971013s1982 r 00010 d
010 _a52378
011 _a53350
035 _a57500
040 _cCHAP
090 _aTesis
100 0 0 _aRomo Belín, Bertha Odille.
_999707
245 _aClasificación y evaluación de embriones bovinos en la técnica de transplante de embriones
260 _aMéxico, D. F. :
_bEl autor,
_c1982
300 _a39 h.
_b: ilus.
502 _aTesis (Médico Veterinario Zootecnista) -- UNAM. Facultad de Medicina Veterinaria y Zootecnia
590 _aALEPH
_b10
_c20130110
_lUCH01
_h1329
590 _aBATCH-UPD
_b10
_c20130110
_lUCH01
_h1726
590 _aBATCH-UPD
_b10
_c20130410
_lUCH01
_h1108
590 _aBATCH-UPD
_b10
_c20130914
_lUCH01
_h1259
590 _aCONVERSION
_b10
_c20130109
_lUCH01
_h1328
650 1 4 _aEmbriología
_xGanado vacuno.
_936490
650 1 4 _aGanado vacuno
_xReproducción.
_945510
901 _aBK
942 _cTESIS
949 _bBC
_cTES
_d-125047
_eTS1
_h18487
_i57500
_si
999 _c52378
_d52378